Ty děti si pořád hrají : dětská tematika v díle bratří Čapků : GASK - Galerie Středočeského kraje, Kutná Hora, 6. listopadu 2016 - 12. března 2017 /

Hlavní autor: Pečinková, Pavla, 1951-
Korporativní autor: Jezuitská kolej (Kutná Hora, Česko)
Další autoři: Drury, Richard, 1967-, Interaktivní galerie Becherova vila (Karlovy Vary, Česko)
Jazyk: Čeština
Vydáno: Kutná Hora : GASK - Galerie Středočeského kraje ve spolupráci s Galerií umění Karlovy Vary a obecně prospěšnou společností Terra Cultura v Praze, 2016
Témata:
Fyzický popis: 99 stran : ilustrace (převážně barevné), portréty, faksimile ; 25 cm
Language note: Anglické resumé
Knihy
Uloženo v:
LEADER 03321nam a2200697 i 4500
001 nkc20172875541
003 CZ PrNK
005 20170301092608.0
007 ta
008 170120s2016 xr ach e c 000 0dcze
020 |a 978-80-7056-198-0  |q (Galerie Středočeského kraje ;  |q brožováno) 
020 |a 978-80-87420-65-2  |q (Galerie umění Karlovy Vary ;  |q brožováno) 
020 |a 978-80-905155-1-2  |q (Terra cultura ;  |q brožováno) 
040 |a BOA001  |b cze  |d ABA001  |e rda 
041 0 |a cze  |b eng 
043 |a e-xr--- 
045 |a x1x4 
072 7 |a 75  |x Malířství  |2 Konspekt  |9 21 
080 |a 75(437.3)  |2 MRF 
080 |a 741/744(437.3)  |2 MRF 
080 |a 821.162.3-34  |2 MRF 
080 |a 74/76.05  |2 MRF 
080 |a (437.3)  |2 MRF 
080 |a (083.824)  |2 MRF 
100 1 |a Pečinková, Pavla,  |d 1951-  |7 jn19990202015  |4 aut 
245 1 0 |a Ty děti si pořád hrají :  |b dětská tematika v díle bratří Čapků : GASK - Galerie Středočeského kraje, Kutná Hora, 6. listopadu 2016 - 12. března 2017 /  |c Pavla Pečinková ; texty Pavla Pečinková, Richard Dury 
246 3 0 |a Dětská tematika v díle bratří Čapků 
264 1 |a Kutná Hora :  |b GASK - Galerie Středočeského kraje ve spolupráci s Galerií umění Karlovy Vary a obecně prospěšnou společností Terra Cultura v Praze,  |c 2016 
300 |a 99 stran :  |b ilustrace (převážně barevné), portréty, faksimile ;  |c 25 cm 
336 |a text  |b txt  |2 rdacontent 
336 |a statický obraz  |b sti  |2 rdacontent 
337 |a bez média  |b n  |2 rdamedia 
338 |a svazek  |b nc  |2 rdacarrier 
500 |a "Katalog k výstavě Ty děti si pořád hrají. Dětská tematika v díle bratří Čapků konané v Jezuitské koleji GASK - Galerie Středočeského kraje ve dnech 6. 11. 2016 až 12. 3. 2017 a Galerii umění Karlovy Vary - Interaktivní galerii Becherova vila od 30.3. do 25.6.2017"--Tiráž 
500 |a Chronologický přehled 
504 |a Obsahuje bibliografii a bibliografické odkazy 
546 |a Anglické resumé 
600 1 7 |a Čapek, Josef,  |d 1887-1945  |7 jk01021020  |2 czenas 
600 1 7 |a Čapek, Karel,  |d 1890-1938  |7 jk01021023  |2 czenas 
648 4 |a 1910-1943 
648 7 |a 20. století  |7 ch460558  |2 czenas 
650 0 7 |a české malířství  |7 ph116864  |y 20. století  |2 czenas 
650 0 7 |a česká kresba  |7 ph116857  |y 20. století  |2 czenas 
650 0 7 |a české pohádky  |7 ph128144  |y 20. století  |2 czenas 
650 0 7 |a knižní ilustrace  |7 ph114931  |z Česko  |y 20. století  |2 czenas 
650 0 9 |a Czech painting  |y 20th century  |2 eczenas 
650 0 9 |a Czech drawing  |y 20th century  |2 eczenas 
650 0 9 |a Czech fairy tales  |y 20th century  |2 eczenas 
650 0 9 |a illustration of books  |z Czechia  |y 20th century  |2 eczenas 
655 7 |a katalogy výstav  |7 fd132536  |2 czenas 
655 9 |a exhibition catalogs  |2 eczenas 
700 1 |a Drury, Richard,  |d 1967-  |7 jx20041007010  |4 aut 
710 2 |a Jezuitská kolej (Kutná Hora, Česko)  |7 mzk2010583936  |4 orm 
710 2 |a Interaktivní galerie Becherova vila (Karlovy Vary, Česko)  |7 kv2011642934  |4 orm 
910 2 |a BOA001  |b 2-1378.821 
928 9 |a Galerie umění Karlovy Vary 
928 9 |a Terra Cultura 
990 |a BK 
995 |a 11 
991 |b 201702  |c NOV 
996 6 |b 2610695525  |c 2-1378.821  |l MZK  |r Sklad / do 1 hodiny  |n 0  |p p.v.  |w 001597353  |u 000010  |a 1  |e BOA001  |j MZK50  |s P